<?xml version="1.0" encoding="UTF-8"?>
<record
    xmlns:xsi="http://www.w3.org/2001/XMLSchema-instance"
    xsi:schemaLocation="http://www.loc.gov/MARC21/slim http://www.loc.gov/standards/marcxml/schema/MARC21slim.xsd"
    xmlns="http://www.loc.gov/MARC21/slim">

  <leader>015820000a22001330004500</leader>
  <controlfield tag="001">14408</controlfield>
  <datafield tag="041" ind1="0" ind2=" ">
    <subfield code="a">SPA</subfield>
  </datafield>
  <datafield tag="082" ind1="0" ind2="4">
    <subfield code="a">AV 0362</subfield>
  </datafield>
  <datafield tag="110" ind1="1" ind2=" ">
    <subfield code="a">Universidad de los Andes</subfield>
  </datafield>
  <datafield tag="245" ind1="1" ind2="0">
    <subfield code="a">Raz&#xF3;n y f&#xE1;bula / Carlos B. Guti&#xE9;rrez, Director</subfield>
  </datafield>
  <datafield tag="300" ind1=" " ind2=" ">
    <subfield code="a">238 P&#xE1;g.</subfield>
  </datafield>
  <datafield tag="505" ind1="0" ind2="0">
    <subfield code="a">- La historicida de la ciencia.  Guti&#xE9;rrez A., Carlos B. - Las iluminaciones del pasado.  Garc&#xED;a Mafla, Jaime - Aprendizaje y empleo del lenguaje arquitect&#xF3;nico.  Fonseca M., Lorenzo - El arte abstracto de Manuel Hern&#xE1;ndez.  Rubiano C., Germ&#xE1;n - Una mirada arqueol&#xF3;gica de la Constituci&#xF3;n colombiana.  Valencia V., Hernando - Algunos aspectos del control social en un barrio de Bogot&#xE1;.  Lleras, Ernestom - Notas sobre el problema de la vivienda popular en Colombia: las relaciones entre el sector p&#xFA;blico y el sector privado.  Pardo, Rafael - Las bases de la era cient&#xED;fico-tecnol&#xF3;gica.  Hoenigsberg, H. F. - Esquizofrenia: un campo &#xF3;ptimo de investigaci&#xF3;n.  P&#xE9;rez G&#xF3;mez, Augusto - Carl Friederich Gauss "El pr&#xED;ncipe de las matem&#xE1;ticas".  Ferro C., Luis Jorge - Teor&#xED;as y realidades.  G&#xF3;mez Fabling, Mary Anne - Son las part&#xED;culas de los rayos c&#xF3;smicos aceleradas por la radiaci&#xF3;n de punto cero?  Rueda, Alfonso - El Instituto Ser y la investigaci&#xF3;n en sistemas p&#xFA;blicos.  Aldana V., Eduardo - Voces de la contracultura en la narrativa brasile&#xF1;a contempor&#xE1;nea.  Lowe, Elizabeth - Primavera de la literatura colombiana.  Lleras, Mauricio - El tratado de 1892 con el imperio alem&#xE1;n. D&#xE1;vila, Patricia - La desamortizaci&#xF3;n de bienes eclesi&#xE1;sticos.  D&#xED;az D&#xED;az, Fernando</subfield>
  </datafield>
  <datafield tag="942" ind1=" " ind2=" ">
    <subfield code="c">BK</subfield>
  </datafield>
  <datafield tag="952" ind1=" " ind2=" ">
    <subfield code="0">0</subfield>
    <subfield code="1">0</subfield>
    <subfield code="4">0</subfield>
    <subfield code="7">0</subfield>
    <subfield code="8">AV</subfield>
    <subfield code="a">FUSBC</subfield>
    <subfield code="b">FUSBC</subfield>
    <subfield code="d">2007-06-14</subfield>
    <subfield code="l">0</subfield>
    <subfield code="o">AV 0362 </subfield>
    <subfield code="p">15847</subfield>
    <subfield code="r">2019-12-12 00:00:00</subfield>
    <subfield code="t">1</subfield>
    <subfield code="w">2016-01-26</subfield>
    <subfield code="y">AV</subfield>
    <subfield code="B">0</subfield>
    <subfield code="C">3</subfield>
  </datafield>
  <datafield tag="999" ind1=" " ind2=" ">
    <subfield code="c">43276</subfield>
    <subfield code="d">43276</subfield>
  </datafield>
</record>
